Szczegóły MARC21

Rośliny trujące : w domu, w ogrodzie i w naturze /

003 -Nazwa inst., której nr kontr. jest w polu 001 [,]
    • @
    • Nazwa instytucji, której n kontrolny jest w polu 001
    • NUKAT
005 -DATA I CZAS OSTATNIEJ MODYFIKACJI [,]
    • @
    • pole kontrolne
    • 20241231094854.0
020 -Międzynarod. znormalizowany nr książki - ISBN [ , ]
    • a
    • Numer ISBN
    • 8370731139 Find
040 -Instytucja sporządzająca opis [ , ]
    • a
    • Instytucja, która sporządziła opis (NP)
    • LUBL KUL/ak
    • c
    • Instytucja, która sporządziła rekord (NP)
    • LUBL KUL/ak
    • d
    • Instytucja, która zmodyfikowała rekord (P)
    • LUBL KUL/MC
    • d
    • Instytucja, która zmodyfikowała rekord (P)
    • SZCZ U/JS
041 -Język dokumentu [1, ]
    • a
    • Język tekstu (P)
    • polski
    • h
    • Język tekstu oryginalnego i/lub pośredniego (P)
    • niemiecki
942 -Rodzaj dokumentu [ , ]
    • c
    • Rodzaj dokumentu
    • Książka
100 -Hasło główne - nazwa osobowa [1, ]
    • a
    • Nazwa osobowa (NP)
    • Kremer, Bruno P.
    • 9
    • KHW
    • 86278
245 -Strefa tytułu i oznaczenia odpowiedzialności [1,0]
    • a
    • Tytuł
    • Rośliny trujące : Find
    • b
    • Ciąg dalszy tytułu (NP)
    • w domu, w ogrodzie i w naturze / Find
    • c
    • Pozostałe elementy strefy tytułu i oznaczenia odpowiedzialności (NP)
    • Bruno P. Kremer ; z jęz. niem. tł. Grzegorz Jednoralski.
246 -Wariant tytułu [1, ]
    • i
    • Tekst wyświetlany na ekranie monitora (NP)
    • Tyt. oryg.:
    • a
    • Tytuł (NP)
    • Giftpflanzen in Haus, Garten und Natur
260 -Strefa adresu wydawniczego [ , ]
    • a
    • Miejsce wydania (P)
    • Warszawa :
    • b
    • Nazwa wydawcy (P)
    • Multico,
    • c
    • Data wydania (P)
    • cop. 1996.
300 -Strefa opisu fizycznego [ , ]
    • a
    • Określenie formy książki i/lub objętość (NP)
    • 96 s. :
    • b
    • Oznaczenie ilustracji (NP)
    • il. ;
    • c
    • Format (NP)
    • 18 cm.
336 -Typ zawartości [ , ]
    • a
    • Termin opisujący typ zawartości
    • Tekst
    • b
    • Kod określający zawartość
    • txt
    • 2
    • Źródło (terminu i kodu)
    • rdacontent
337 -Typ mediów [ , ]
    • a
    • Tryb odtwarzania
    • Bez urządzenia pośredniczącego
    • b
    • Kod typu mediów
    • n
    • 2
    • Źródło (terminu i kodu)
    • rdamedia
338 -Typ/rodzaj nośnika [ , ]
    • a
    • Hasło opisujące typ nośnika
    • Wolumin
    • b
    • Kod typu nośnika
    • nc
    • 2
    • Źródło (terminu i kodu)
    • rdacarrier
490 -Strefa serii i książki wielotomowej - forma nie do wyszukiwania [1, ]
    • a
    • Tytuł (P)
    • Świat Przyrody : przewodnik kieszonkowy Find
830 -Hasło dodatkowe serii i opisu książki wielotomowej - tytuł ujednolicony/tytuł [ ,0]
    • a
    • Tytuł ujednolicony/tytuł (NP)
    • Świat Przyrody
    • 9
    • KHW
    • 80236
504 -Uwaga dot. bibliogr. załącznikowej [ , ]
    • a
    • Uwaga dot. bibliografii załącznikowej
    • Indeks.
080 -Uniwersalna Klasyfikacja Dziesiętna [ , ]
    • 2
    • Identyfikator wydania tablic
    • UDC-P058
    • 9
    • UKD
    • 12133
    • a
    • Symbol klasyfikacji
    • 582
    • b
    • Dopowiedzenie
    • Botanika systematyczna
    • 4
    • UKD2
    • 10220
    • x
    • Poddział wspólny
    • (084.4)
    • c
    • Dopowiedzenie poddz. wspólnego
    • (Atlasy).
080 -Uniwersalna Klasyfikacja Dziesiętna [ , ]
    • 2
    • Identyfikator wydania tablic
    • UDC-P058
    • 9
    • UKD
    • 4655
    • a
    • Symbol klasyfikacji
    • 615.9
    • b
    • Dopowiedzenie
    • Toksykologia. Trucizny.
    • 4
    • UKD2
    • 10220
    • x
    • Poddział wspólny
    • (084.4)
    • c
    • Dopowiedzenie poddz. wspólnego
    • (Atlasy).
080 -Uniwersalna Klasyfikacja Dziesiętna [ , ]
    • 2
    • Identyfikator wydania tablic
    • UDC-P058
    • 9
    • UKD
    • 4705
    • a
    • Symbol klasyfikacji
    • 616-099
    • b
    • Dopowiedzenie
    • Zatrucia.
650 -Hasło przedmiotowe [ ,7]
    • a
    • Hasło przedmiotowe
    • Rośliny trujące
    • x
    • Określnik rzeczowy
    • identyfikacja
    • v
    • Określnik formalny
    • wydawnictwa ilustrowane.
    • 2
    • Źródło terminu
    • kaba
    • 9
    • KHW
    • 378683
980 -Symbol UKD [ , ]
    • a
    • UKD
    • 582:615.9](084.4):616-099
700 -Hasło dodatkowe - nazwa osobowa [1, ]
    • a
    • Nazwa osobowa (NP)
    • Jednoralski, Grzegorz. Find
    • e
    • Określenie rodzaju współpracy
    • Tł.
    • 9
    • KHW
    • 86277
710 -Hasło dodatkowe - nazwa ciała zbiorowego [2, ]
    • a
    • Nazwa ciała zbiorowego lub nazwa geograficzna jako pierwszy element (NP)
    • Multico Oficyna Wydawnicza.
    • 4
    • Kod relacji
    • pbl
    • 9
    • KHW
    • 65336
920 -ISBN [ , ]
    • a
    • ISBN
    • 83-7073-113-9 Find
Data inwentaryzacji Lokalizacja Status udost. Numer inwentarzowy
2014-01-10BG1Z.117810